00934nam a2200205 i 450000100060000000300090000600500170001500700030003200800410003510000540007624502320013026000330036230000320039550000580042760000270048571000450051285200320055799900170058995201220060674436ES-MaACL20250820051413.0t|040920s1972 sp ||||1| spa d1 aGonzález Martín, Marcelo, d1918-2004914060113aLa Virgen María y la Iglesia de hoy b: María y el humanismo cristiano. Conferencia de clausura de la XXXI Asamblea de Estudios Mariológicos, celebrada en Zaragoza (16-21 de octubre, 1972) / cMarcelo González Martín. aMadrid : bCoculsa, c[1972] a55 p., 11 lám. ; c25 cm. aPrecede al tít.: Sociedad Mariológica Española.04aVirgen María91154362 aSociedad Mariológica Española.96790 aES-MaACLjC-50782 bR.85249 c74436d74436 00104070aATENEOMbATENEOMcDEPO2d2008-01-17eSCl0oC-50782p1077919r2023-02-23 00:00:00w2023-02-23yMONOGRAFIA